MARC details
| 000 -CABECERA |
| campo de control de longitud fija |
01488nam a2200337 a 4500 |
| 001 - NÚMERO DE CONTROL |
| campo de control |
000040585 |
| 003 - IDENTIFICADOR DEL NÚMERO DE CONTROL |
| campo de control |
OSt |
| 005 - FECHA Y HORA DE LA ÚLTIMA TRANSACCIÓN |
| campo de control |
20260321073643.0 |
| 008 - DATOS DE LONGITUD FIJA--INFORMACIÓN GENERAL |
| campo de control de longitud fija |
130902s2004 sp 000 j spa d |
| 020 ## - NÚMERO INTERNACIONAL ESTÁNDAR DEL LIBRO |
| Número Internacional Estándar del Libro |
8478842128 |
| 040 ## - FUENTE DE LA CATALOGACIÓN |
| Centro catalogador/agencia de origen |
DO-SdBNP |
| Lengua de catalogación |
spa |
| Centro/agencia transcriptor |
BNPHU |
| 082 #4 - NÚMERO DE LA CLASIFICACIÓN DECIMAL DEWEY |
| Número de clasificación |
RD863.4408 |
| Número de documento/Ítem |
C965d |
| Número de edición |
22 |
| 245 00 - MENCIÓN DE TÍTULO |
| Título |
Cuentos dominicanos / |
| Mención de responsabilidad, etc. |
Juan Bosch ... [et al.] |
| 260 ## - PUBLICACIÓN, DISTRIBUCIÓN, ETC. |
| Lugar de publicación, distribución, etc. |
Madrid : |
| Nombre del editor, distribuidor, etc. |
Editorial Popular, |
| Fecha de publicación, distribución, etc. |
[2004]. |
| 300 ## - DESCRIPCIÓN FÍSICA |
| Extensión |
108 p. ; |
| Dimensiones |
20 cm. |
| 490 1# - MENCIÓN DE SERIE |
| Mención de serie |
Letra grande |
| Designación de volumen o secuencia |
55 |
| 505 0# - NOTA DE CONTENIDO CON FORMATO |
| Nota de contenido con formato |
La mujer/ |
| Mención de responsabilidad |
Juan Bosch -- |
| Título |
El cumpleaños de Vitalina / |
| Mención de responsabilidad |
Hilma Contreras -- |
| Título |
Selva de agujeros negros para Chichí la salsa / |
| Mención de responsabilidad |
Armando Almánzar Rodríguez -- |
| Título |
Ahora que vuelvo, Ton / |
| Mención de responsabilidad |
René del Risco Bermúdez -- |
| Título |
Intuición femenina / |
| Mención de responsabilidad |
Pedro Vergés / |
| Título |
Los hitos / |
| Mención de responsabilidad |
Pedro Peix -- |
| Título |
Masticar una rosa / |
| Mención de responsabilidad |
Angela Hernández |
| 590 ## - NOTA LOCAL (RLIN) |
| Nota local |
Inventariado, 2019/VM |
| 650 14 - PUNTO DE ACCESO ADICIONAL DE MATERIA--TÉRMINO DE MATERIA |
| Término de materia o nombre geográfico como elemento de entrada |
Cuentos dominicanos |
| Subdivisión general |
Colecciones |
| 9 (RLIN) |
503 |
| 650 10 - PUNTO DE ACCESO ADICIONAL DE MATERIA--TÉRMINO DE MATERIA |
| Término de materia o nombre geográfico como elemento de entrada |
Literatura dominicana. |
| 9 (RLIN) |
67 |
| 700 1# - PUNTO DE ACCESO ADICIONAL--NOMBRE DE PERSONA |
| Nombre de persona |
Bosch, Juan, |
| Fechas asociadas al nombre |
1909-2001 |
| 9 (RLIN) |
76555 |
| 700 1# - PUNTO DE ACCESO ADICIONAL--NOMBRE DE PERSONA |
| Nombre de persona |
Contreras, Hilma, |
| Fechas asociadas al nombre |
1913-2006 |
| 9 (RLIN) |
14873 |
| 700 1# - PUNTO DE ACCESO ADICIONAL--NOMBRE DE PERSONA |
| Nombre de persona |
Almánzar Rodríguez, Armando |
| Título de la obra |
Selva de agujeros negros para Chichí la salsa |
| 9 (RLIN) |
27162 |
| 700 1# - PUNTO DE ACCESO ADICIONAL--NOMBRE DE PERSONA |
| Nombre de persona |
Risco Bermúdez, René del |
| Título de la obra |
Ahora que vuelvo, Ton |
| 9 (RLIN) |
27163 |
| 700 1# - PUNTO DE ACCESO ADICIONAL--NOMBRE DE PERSONA |
| Nombre de persona |
Peix, Pedro |
| Título de la obra |
Los hitos |
| 9 (RLIN) |
27164 |
| 700 1# - PUNTO DE ACCESO ADICIONAL--NOMBRE DE PERSONA |
| Nombre de persona |
Vergés, Pedro |
| Título de la obra |
Intuición femenina |
| 9 (RLIN) |
27165 |
| 700 1# - PUNTO DE ACCESO ADICIONAL--NOMBRE DE PERSONA |
| Nombre de persona |
Hernández, Angela |
| Título de la obra |
Masticar una rosa |
| 9 (RLIN) |
27166 |
| 830 #0 - PUNTO DE ACCESO ADICIONAL DE SERIE-TÍTULO UNIFORME |
| Título uniforme |
Letras Grande |
| Designación de volumen o secuencia |
55 |
| 9 (RLIN) |
66917 |
| 910 ## - DATOS DE OPCIÓN DEL USUARIO (OCLC) |
| Datos de opción del usuario |
Validado.Control de calidad MFF |
| 942 ## - ELEMENTOS DE PUNTO DE ACCESO ADICIONAL (KOHA) |
| Fuente del sistema de clasificación o colocación |
Dewey Decimal Classification |
| Tipo de ítem Koha |
Libro |